000 00825nam a22001937a 4500
003 OSt
005 20260414152936.0
008 260414b |||||||| |||| 00| 0 eng d
040 _c0
082 _aDPer 796.07 St822 September-December 2015 v.28 n.5-6 January-October 2016 v.29 n.1-5
100 _aRauschenbach, James.
_eauthor.
_970582
245 _aGreat Games That Disappeared /
_cJames Rauschenbach and Daniel R. Swartz.
260 _aAnnapolis Junction, Maryland, U.S.A. :
_bSHAPE America (Society of Health and Physical Educators) ;
_cNovember/December 2015.
300 _avolume 29, pages 30-35 :
_billustration ;
_c27cm.
500 _aStrategy, vol. 29, no.3, pages 30-35, January-February 2016.
700 _aRauschenbach, James.
_eauthor.
_970582
700 _aSwartz, Daniel R.
_eauthor.
_970583
942 _2ddc
_cPER
999 _c24604
_d24604